000 00320 a2200157 4500
001 178551
020 _a
040 _cMagnum
100 _aMuniz, Flávia
240 1 0 _aO jogo do pega pega
_lpor
245 1 0 _aO jogo do pega pega
362 0 _a1899
440 1 _aFTD
697 _aMAGNITO: I/ANIMAIS
942 _cBK
999 _c178551
_d178551